000 00700nam a2200205 4500
001 109810
003 ES-MaACL
007 t|
008 061121s1945 ag r ||||1| spa d
100 1 _aOnida, Pietro.
_987080
245 1 3 _aEl balance de ejercicio en las empresas /
_cPietro Onida; introducción y notas del Dr. Alfredo Lisdero ; [traducción por Mario Locati].
260 _aBuenos Aires :
_bEl Ateneo,
_c1945.
300 _a2 v. ;
_c23 cm.
490 1 _aBiblioteca económico-jurídica
700 1 _aLisdero, Alfredo.
_972535
700 1 _aLocati, Mario.
_973038
830 0 _aBiblioteca económico-jurídica
_9232993
852 _aES-MaACL
_jC-9079-0
_bR.37048
999 _c109810
_d109810